| 000 | 00555pam a2200217 a 4500 | ||
|---|---|---|---|
| 020 | _c | ||
| 040 | _aMedical College Lib. | ||
| 041 |
_aENG _hENG |
||
| 082 |
_a616.07581 _bBAI |
||
| 100 | _aBailey, W.R. . | ||
| 245 |
_aDiagnostic Microbiology / _c _hTextual Documents |
||
| 250 |
_a7th / _b. |
||
| 260 |
_a : _bB.I. Publication Ltd. , _c1990. |
||
| 300 |
_a867 ; _c |
||
| 365 | _a595=00 | ||
| 653 |
_aMicrobiology _aMedical Science |
||
| 700 | _aScott, E.G. . | ||
| 930 | _a4697 | ||
| 999 |
_c4696 _d4696 |
||